• 首页
  • 本馆介绍
  • 公告通知
  • 最新文献
  • 馆藏检索
  • 电子资源
  • 读者导购
  • 参考咨询
  • 我的图书馆
  • 登录
  • 详细信息显示
  • 放入我的书架
  • 预约/预借图书
  • 作者相关作品
  • 分类相关作品
  • 丛书相关作品
  • 出版社相关作品

书目信息

  • 表格格式
  • 工作单格式
  • 卡片格式
题名:
嵌入式实时操作系统的设计与开发
    
 
作者: 廖勇 著
分册:  
出版信息: 北京   电子工业出版社  2015
页数: 284页
开本: 26cm
丛书名:
单 册:
中图分类: TP316.2
科图分类:
主题词: 实时操作系统--教材--程序设计
电子资源:
ISBN: 978-7-121-25523-6
000 00910nam0 2200229 450
001 67
005 20161111081837.89
010    @a978-7-121-25523-6@dCNY42.00
100    @a20150403d2015 em y0chiy50 ea
101 0  @achi
102    @aCN@b110000
105    @aa z 000yy
200 1  @a嵌入式实时操作系统的设计与开发@9qian ru shi shi shi cao zuo xi tong de she ji yu kai fa@f廖勇著
210    @a北京@c电子工业出版社@d2015
215    @a284页@c图@d26cm
300    @a卓越工程师培养计划规划教材
330    @a本书以电子科技大学自主设计的开源操作系统aCoral在ARM9 Mini2440嵌入式平台上的设计过程为思路,逐步介绍aCoral的实现,再延伸到它对多核嵌入式处理器的支持,在此过程中,介绍嵌入式实时操作系统的其他相关技术和理论,
606 0  @a实时操作系统@j教材@x程序设计
690    @aTP316.2@v5
701  0 @a廖勇@9liao yong@f(1976~)@4著
801  0 @aCN@b大连网信软件有限公司图书馆·11@c20161111
905    @aZUCC@dTP316.2@e798
    
    嵌入式实时操作系统的设计与开发/廖勇著.-北京:电子工业出版社,2015
    284页:图;26cm
    卓越工程师培养计划规划教材
    
    ISBN 978-7-121-25523-6:CNY42.00
    本书以电子科技大学自主设计的开源操作系统aCoral在ARM9 Mini2440嵌入式平台上的设计过程为思路,逐步介绍aCoral的实现,再延伸到它对多核嵌入式处理器的支持,在此过程中,介绍嵌入式实时操作系统的其他相关技术和理论,
●
相关链接 在E读中查询图书 在五车中查询图书 在当当中查询图书 在豆瓣中查询图书


正题名:嵌入式实时操作系统的设计与开发     索取号:TP316.2/798         预约/预借

序号 登录号 条形码 馆藏地/架位号 状态 备注
1 908747   209087478   第二样本阅览室/ [索取号:TP316.2/798] 在馆    
2 908748   209087487   第三借阅区/ [索取号:TP316.2/798] 在馆    
3 908749   209087496   第三借阅区/ [索取号:TP316.2/798] 在馆    
4 908750   209087502   第三借阅区/ [索取号:TP316.2/798] 在馆    
5 908751   209087511   密集书库—计算机科学学院/ [索取号:TP316.2/798] 在馆    
唐山师范学院图书馆 欢迎您!
大连网信软件有限公司© 版权所有